L' Alsace choix multiples - Statistiques

Statistiques générales
  • Ce quiz a été pris 206 fois
  • Le résultat moyen est 12 sur 15
Statistiques - réponses
Question Réponse % Correct
Quel est le symbole de l'Alsace Cigogne
99%
Quel fleuve borde l'Alsace Le Rhin
99%
Dans quelle ville de trouve le parlement européen Strasbourg
98%
Que veut dire schmoutz Bisous
97%
Quel montagne sépare le plateau lorrain de la plaine d'Alsace Les Vosges
97%
Quel ingrédients n'est pas dans la choucroute Pâte
97%
Combien de département compte l'Alsace 2
95%
Qu'est ce que des schloppa Des pantoufles
91%
Qu'est ce qu'un schlouk Une gorgée
90%
Qu'est ce que le schnaps De l'eau de vie
88%
Comment dit-on à vos souhaits en Alsace après que quelqu'un éternue G'sundheit
88%
Qui sont les kneckes Les enfants
74%
Que veut dire salü bisàmme Salut tous le monde
65%
Quel célébrités n'est pas né en Alsace Denis Brognard
48%
En quelle année le racing club de Strasbourg à gagné la ligue 1 1979
19%
Aucun quiz correspondant
Distribution des résultats
% des personnes avec chaque résultat
Percentile par nombre de réponses
Votre historique - résultats
Vous n’avez pas pris ce quiz